| 000 | 00630cam a2200205 a 4500 | ||
|---|---|---|---|
| 001 | 000018067 | ||
| 005 | 20200929165335.0 | ||
| 008 | 761220s1989 nyu 000 f eng d | ||
| 020 | _a0440204887 | ||
| 040 |
_aDO-SdBNP _beng _cLC _dBNPHU |
||
| 082 |
_a813.54 _bB118iL |
||
| 100 | 1 |
_aBach, Richard, _d1936- _93225 |
|
| 245 | 1 | 0 |
_aIllusions : _bthe adventures of a reluctant Messiah / _cRichard Bach. |
| 260 |
_aNew York : _bDell/Eleanor Friede Book, _c1989. |
||
| 300 |
_a191 p. ; _c18 cm. |
||
| 650 | 4 |
_aNovela francesa _91075 |
|
| 650 | 4 |
_aLiteratura francesa _ySIGLO XX _94232 |
|
| 910 | _aCatalogación derivada | ||
| 049 | _aBNGR | ||
| 999 |
_c17589 _d17589 |
||